| 000 | 01121nam a22003497a 4500 | ||
|---|---|---|---|
| 001 | BR2023000976 | ||
| 003 | BR-BrBNA | ||
| 005 | 20230823114309.0 | ||
| 008 | 230823b bl.||||| |||| 00| 0 por d | ||
| 020 | _a85-7333-237-9 | ||
| 040 |
_aBR-BrBNA _bpor _cBiblioteca Nacional de Agricultura |
||
| 041 | _apor | ||
| 072 |
_aF01 ; Q02 _b2120 |
||
| 090 | _a2120 BR2023000976 | ||
| 100 | _aRelvas, Eliana | ||
| 100 | _aPinto, Mônica da Costa | ||
| 100 | _aMonteiro, Chistianne da Rocha | ||
| 110 | _aServiço Brasileiro de Apoio às Micro e Pequenas Empresas, Brasília, DF (Brazil) | ||
| 110 | _aAssociação Brasileira da Indústria de Café, Rio de Janeiro, RJ (Brazil) | ||
| 245 |
_aArte e segredos do bom café: café expresso _bSérie Agronegócios; Coleção Café |
||
| 260 |
_aBrasília, DF (Brazil) _c1997 |
||
| 300 | _a24 p. | ||
| 500 | _a3 ref.; 16 illus.; 1 table | ||
| 650 | _aCAFÉ TRATADO | ||
| 650 | _aBEBIDA NÃO ALCOÓLICA | ||
| 650 | _aPROPRIEDADE ORGANOLÉPTICA | ||
| 650 | _aTORREFAÇÃO | ||
| 650 | _aMOAGEM | ||
| 650 | _aMOENDA | ||
| 909 |
_a202308 _bFernando |
||
| 942 | _cBK | ||
| 999 |
_c9853 _d9853 |
||